|
|
|
|
| LEADER |
00975cam a2200241 7i4500 |
| 001 |
0000067486 |
| 005 |
20220328090000.0 |
| 020 |
|
|
|a 9781138186156 (hbk)
|
| 020 |
|
|
|a 9781315643991 (ebk)
|
| 090 |
0 |
0 |
|a PN6714
|b .I43 2021
|
| 245 |
0 |
0 |
|a Immigrants and comics :
|b graphic spaces of remembrance, transaction, and mimesis
|c edited by Nhora Lucia Serrano.
|
| 264 |
|
|
|a New York, N.Y. ; London:
|b Routledge,
|c 2021.
|
| 300 |
|
|
|a 1 online resource (xix, 248 pages):
|b illustrations, text file PDF.
|
| 336 |
|
|
|a text
|2 rdacontent
|
| 337 |
|
|
|a computer
|2 rdamedia
|
| 338 |
|
|
|a online resource
|2 rdacarrier
|
| 650 |
0 |
0 |
|a Comic books, strips, etc. --
|x History and criticism
|
| 650 |
0 |
0 |
|a Immigrants in literature
|
| 655 |
0 |
0 |
|a Electronic books
|
| 700 |
1 |
|
|a Serrano, Nhora Lucia
|
| 856 |
4 |
2 |
|u http://library.unisel.edu.my/web/guest/mylibrary
|
| 997 |
|
|
|a Communication, Visual Art & Computing, Faculty
|b Visual Art, Department
|
| 999 |
|
|
|a EBO0012037
|b EBOOK
|c EBOOK
|e Electronic resources
|